[Event "LSS No Engine Cup 66 Preliminary 5"]
[Site "LSS email"]
[Date "2012.05.28"]
[Round "?"]
[White "Jostov, Keylah"]
[Black "Wark, Peter"]
[Result "0-1"]
[WhiteElo "1122"]
[BlackElo "1709"]
[PlyCount "76"]
[EventDate "2012.05.29"]
[EventType "tourn (corr)"]
[EventRounds "6"]
[EventCountry "GER"]
[SourceTitle "Telechess CBM 165"]
[Source "ChessBase"]
[SourceDate "2015.03.11"]
[SourceVersion "1"]
[SourceVersionDate "2015.03.11"]
[SourceQuality "1"]

1. e4 Nf6 2. e5 Nd5 3. d4 d6 4. c4 Nb6 5. f4 dxe5 6. fxe5 c5 7. d5 g6 8. Nf3 Bg7 9. Bd3 0-0 10. 0-0 e6 11. Bg5 f6 12. exf6 Bxf6 13. Bxf6 Rxf6 14. Nc3 exd5 15. cxd5 Bf5 16. Ne5 Bxd3 17. Qxd3 N8d7 18. Ng4 Rxf1+ 19. Rxf1 Qg5 20. Qh3 Rf8 21. Nf2 Qf5 22. g4 Qe5 23. Qd3 c4 24. Qe4 Rf4 25. Qxe5 Nxe5 26. h3 Rd4 27. Nfe4 Kg7 28. d6 Nbd7 29. Ng5 Rxd6 30. Nb5 Rb6 31. Nxa7 Rxb2 32. Ne6+ Kg8 33. Nc8 c3 34. Ne7+ Kh8 35. Ng5 c2 36. Nf7+ Nxf7 37. Rxf7 c1Q+ 38. Rf1 Qe3+ 0-1

[Event "LSS No Engine Cup 66 Preliminary 5"]
[Site "LSS email"]
[Date "2012.05.28"]
[Round "?"]
[White "Wark, Peter"]
[Black "Stadler, Pavel"]
[Result "1-0"]
[WhiteElo "1709"]
[BlackElo "1341"]
[PlyCount "67"]
[EventDate "2012.05.29"]
[EventType "tourn (corr)"]
[EventRounds "6"]
[EventCountry "GER"]
[SourceTitle "Telechess CBM 165"]
[Source "ChessBase"]
[SourceDate "2015.03.11"]
[SourceVersion "1"]
[SourceVersionDate "2015.03.11"]
[SourceQuality "1"]

1. e4 c5 2. Nf3 Nc6 3. d4 cxd4 4. Nxd4 Nf6 5. Nc3 e5 6. Ndb5 d6 7. Bg5 a6 8. Na3 b5 9. Nd5 Be7 10. Bxf6 Bxf6 11. c3 Bg5 12. Nc2 0-0 13. a4 bxa4 14. Rxa4 a5 15. b4 Bd7 16. b5 Ne7 17. Nce3 Bxe3 18. Nxe3 Qb6 19. Qb3 Rfb8 20. c4 Be6 21. Be2 Nc6 22. Bg4 Nd4 23. Qd3 Qc5 24. Bxe6 fxe6 25. 0-0 Rc8 26. Qd2 Qb6 27. Qa2 Rc7 28. Ra1 Rca7 29. Nf5 Nxf5 30. exf5 Qc5 31. fxe6 Kf8 32. Qd2 Ke7 33. Qd5 Qc8 34. b6 1-0